[Event "41st Olympiad Women 2014"]
[Site "Tromso NOR"]
[Date "2014.08.06"]
[Round "5.30"]
[Board "2"]
[White "Granados, Maria"]
[Black "Estrada, Lucia"]
[Result "0-1"]
[WhiteTitle "WIM"]
[BlackTitle "WIM"]
[WhiteElo "1899"]
[BlackElo "1974"]
[WhiteTeam "Nicaragua"]
[BlackTeam "Bolivia"]
[WhiteFideId "6101488"]
[BlackFideId "3301923"]
[EventDate "2014.08.02"]

1. e4 e6 2. d4 d5 3. Nd2 Nf6 4. Bd3 c5 5. c3 Nc6 6. Ngf3 Qb6 7. dxc5 Bxc5 8. Qe2
dxe4 9. Nxe4 Nxe4 10. Bxe4 Bd7 11. O-O h6 12. Bf4 Be7 13. Rad1 O-O-O 14. b4 g5
15. Be3 Qc7 16. Nd4 Ne5 17. c4 Kb8 18. Rc1 f5 19. Nb5 Bxb5 20. cxb5 Qd7 21. Bb1
Bxb4 22. Rfd1 Qg7 23. b6 Nc6 24. bxa7+ Ka8 25. Bb6 Rxd1+ 26. Rxd1 Qf7 27. Qb2
Re8 28. Bd3 Bd6 29. a4 Qh5 30. f3 Qxh2+ 31. Kf1 Qh1+ 32. Bg1 Bc5 33. Rd2 Qxg1+
34. Ke2 Nd4+ 0-1

[Event "41st Olympiad Women 2014"]
[Site "Tromso NOR"]
[Date "2014.08.06"]
[Round "5.30"]
[Board "3"]
[White "Prado, Alexandra"]
[Black "Alarcon, Pamela"]
[Result "1/2-1/2"]
[WhiteElo "1831"]
[BlackElo "1906"]
[WhiteTeam "Bolivia"]
[BlackTeam "Nicaragua"]
[WhiteFideId "3301346"]
[BlackFideId "6100694"]
[EventDate "2014.08.02"]

1. e4 e5 2. Nf3 d6 3. d4 Nd7 4. Bc4 Be7 5. Nc3 c6 6. Be3 Ngf6 7. h3 b5 8. Bd3 a6
9. O-O Qc7 10. Ne2 c5 11. dxe5 dxe5 12. c3 h6 13. Ng3 Nf8 14. a4 Rb8 15. Qe2 c4
16. Bc2 Ne6 17. axb5 axb5 18. Ra7 Bb7 19. b3 Bc5 20. Bxc5 Qxc5 21. Rfa1 O-O 22.
bxc4 bxc4 23. R7a5 Ra8 24. Rxc5 Rxa1+ 25. Kh2 Nxc5 26. Qxc4 Ncd7 27. Qc7 Ba8 28.
Bb3 Rb1 29. Bd5 Rb2 30. Nf5 Rxf2 31. Qa7 Bxd5 32. Qxf2 Bxe4 33. Ne7+ Kh8 34. Nd2
Ba8 35. c4 Ne4 36. Qe3 Nxd2 37. Qxd2 Nf6 38. c5 Re8 39. Qd6 e4 40. c6 Rxe7 41.
Qxe7 Bxc6 42. Qxf7 e3 43. Qe6 Be4 44. Kg1 e2 45. Kf2 e1=Q+ 46. Kxe1 Bxg2 47.
Qc8+ Kh7 48. Qf5+ Kg8 49. Qe6+ 1/2-1/2

[Event "41st Olympiad Women 2014"]
[Site "Tromso NOR"]
[Date "2014.08.06"]
[Round "5.30"]
[Board "4"]
[White "Ferrufino, Michelle"]
[Black "Coro, Soledad"]
[Result "0-1"]
[WhiteElo "1698"]
[BlackElo "1839"]
[WhiteTeam "Nicaragua"]
[BlackTeam "Bolivia"]
[WhiteFideId "6103162"]
[BlackFideId "3302385"]
[EventDate "2014.08.02"]

1. e4 c5 2. Nf3 Nc6 3. d4 e6 4. Nc3 cxd4 5. Nxd4 Qb6 6. Nb3 Bb4 7. Be3 Qc7 8. a3
Bxc3+ 9. bxc3 Nf6 10. Bd3 O-O 11. f4 d6 12. O-O b6 13. Bd2 Bb7 14. Qe2 Rac8 15.
Rae1 Na5 16. Nxa5 Qc5+ 17. Kh1 Qxa5 18. Qf3 d5 19. e5 Ne4 20. Bxe4 dxe4 21. Qe3
Rfd8 22. Ra1 Qc5 23. Qxc5 Rxc5 24. Rfd1 Rcd5 0-1

[Event "41st Olympiad Women 2014"]
[Site "Tromso NOR"]
[Date "2014.08.06"]
[Round "5.31"]
[Board "1"]
[White "Bakri, Alia Anin Azwa"]
[Black "Dimitrijevic, Aleksandra"]
[Result "1/2-1/2"]
[WhiteTitle "WFM"]
[BlackTitle "WFM"]
[WhiteElo "1964"]
[BlackElo "2293"]
[WhiteTeam "Malaysia"]
[BlackTeam "Bosnia & Herzegovina"]
[WhiteFideId "5702712"]
[BlackFideId "929239"]
[EventDate "2014.08.02"]

1. d4 d6 2. c4 Nf6 3. Nc3 Bf5 4. Nf3 c6 5. e3 Qc7 6. Bd3 Bg4 7. e4 e5 8. d5 Nbd7
9. Be3 h5 10. h3 Bxf3 11. Qxf3 h4 12. O-O g6 13. Rac1 Bh6 14. Bxh6 Rxh6 15. Qe3
Rh7 16. dxc6 bxc6 17. Be2 Rb8 18. b3 Nc5 19. Rfd1 Ne6 20. Rd2 Nd4 21. c5 Nd7 22.
Na4 f6 23. Bg4 Nxc5 24. Nxc5 dxc5 25. Rxc5 Qd6 26. Rc1 Rd8 27. Rdd1 g5 28. Qc3
Rb7 29. Qc4 Kf8 30. Qa6 Qe7 31. Qa4 Qb4 32. Rc4 Qxa4 33. Rxa4 Ke7 34. Kf1 Ra8
35. Rc1 Kd6 36. Be2 a5 37. Rac4 Rb4 38. Bd3 Rab8 39. Ke1 R8b6 40. R1c3 Nb5 41.
Rc1 Nd4 42. R1c3 Ne6 43. Kd2 Nf4 44. Bf1 Ne6 45. Rf3 Ke7 46. Rfc3 Kd6 47. Rf3 1/2-1/2

[Event "41st Olympiad Women 2014"]
[Site "Tromso NOR"]
[Date "2014.08.06"]
[Round "5.31"]
[Board "2"]
[White "Dengler, Dijana"]
[Black "Azman Hisham, Nur Nabila"]
[Result "1-0"]
[WhiteTitle "WFM"]
[BlackTitle "WCM"]
[WhiteElo "2070"]
[BlackElo "1916"]
[WhiteTeam "Bosnia & Herzegovina"]
[BlackTeam "Malaysia"]
[WhiteFideId "14400081"]
[BlackFideId "5702135"]
[EventDate "2014.08.02"]

1. d4 Nf6 2. Nf3 g6 3. Bg5 Bg7 4. e3 c5 5. c3 O-O 6. Nbd2 cxd4 7. exd4 d6 8. Be2
h6 9. Be3 Nc6 10. O-O Bd7 11. h3 Rb8 12. a4 a6 13. c4 Qc7 14. d5 Nb4 15. a5 Bf5
16. Nd4 Ne4 17. Nxf5 gxf5 18. Qb3 Nc6 19. dxc6 bxc6 20. Qd3 Nc5 21. Qxf5 Rxb2
22. Bxc5 dxc5 23. Bd3 Rd8 24. Nf3 e6 25. Qe4 Rd6 26. Ra3 Qb8 27. Qf4 Qd8 28. Qe3
Rd7 29. Ne5 Rd6 30. Qg3 Rb4 31. Ng4 Kh8 32. Ne5 Kg8 33. Be4 Rd1 34. Rxd1 Qxd1+
35. Kh2 Qd4 36. Re3 Ra4 37. Nxc6 1-0

[Event "41st Olympiad Women 2014"]
[Site "Tromso NOR"]
[Date "2014.08.06"]
[Round "5.31"]
[Board "3"]
[White "Azman Hisham, Nur Najiha"]
[Black "Jacimovic, Sara"]
[Result "1-0"]
[WhiteTitle "WFM"]
[WhiteElo "1886"]
[BlackElo "2032"]
[WhiteTeam "Malaysia"]
[BlackTeam "Bosnia & Herzegovina"]
[WhiteFideId "5704685"]
[BlackFideId "14403668"]
[EventDate "2014.08.02"]

1. d4 d5 2. Nf3 Nf6 3. c4 dxc4 4. Nc3 e6 5. Bg5 h6 6. Bxf6 Qxf6 7. Qa4+ c6 8.
Qxc4 Nd7 9. e4 Nb6 10. Qb3 g5 11. h3 Bg7 12. a4 O-O 13. Bd3 Rd8 14. a5 Nd7 15.
Bc4 Rb8 16. O-O Nf8 17. Ne5 Ra8 18. Rad1 Qe7 19. Nf3 Ng6 20. Ne2 Rb8 21. Qc2 h5
22. Qc1 g4 23. hxg4 hxg4 24. Nh2 Qh4 25. g3 Qh5 26. Nf4 Qg5 27. Nxg6 Qxg6 28.
Qf4 Ra8 29. e5 Qc2 30. b3 b5 31. axb6 axb6 32. Nxg4 Ba6 33. Rc1 Qf5 34. Qxf5
exf5 35. Ne3 Rxd4 36. Nxf5 Bxc4 37. bxc4 Re4 38. f4 Bf8 39. Rc2 Ra4 40. Rfc1 Ba3
41. Rd1 Rexc4 42. Rd8+ Bf8 43. Rcd2 Rc1+ 44. Kg2 Rca1 45. Rxf8+ 1-0

[Event "41st Olympiad Women 2014"]
[Site "Tromso NOR"]
[Date "2014.08.06"]
[Round "5.31"]
[Board "4"]
[White "Topic, Aja"]
[Black "Azhar, Puteri Rifqah Fahada"]
[Result "0-1"]
[WhiteElo "2132"]
[BlackElo "1860"]
[WhiteTeam "Bosnia & Herzegovina"]
[BlackTeam "Malaysia"]
[WhiteFideId "14404591"]
[BlackFideId "5702879"]
[EventDate "2014.08.02"]

1. e4 c5 2. Nc3 e6 3. g3 b6 4. d3 Bb7 5. Bg2 g6 6. f4 Bg7 7. Nf3 d6 8. Be3 Ne7
9. O-O Nbc6 10. Bf2 Qd7 11. Rb1 a6 12. Ne2 Rc8 13. c3 d5 14. e5 O-O 15. b4 Na7
16. a4 Bc6 17. Ra1 cxb4 18. cxb4 Qb7 19. Qb3 Rfd8 20. Ned4 Be8 21. Rfc1 Rxc1+
22. Rxc1 Rc8 23. Rxc8 Qxc8 24. Nc2 Qc6 25. a5 Nec8 26. axb6 Nxb6 27. Bc5 Bf8 28.
Ncd4 Qc7 29. Qc2 Nb5 30. Nxb5 Bxb5 31. d4 Nc4 32. Qc3 a5 33. Bf1 a4 34. Bxc4
Bxc4 35. Qa3 Bb5 36. Kf2 h6 37. Ke3 Qc6 38. Qc3 Qa6 39. Qa3 Bf1 40. Ng1 Bg7 41.
Kd2 Bc4 42. h4 h5 43. Ke3 Bb3 44. Ne2 Qc4 45. Qc1 Bc2 46. Qa3 Bd1 47. Nc3 Qf1
48. Nxd1 Qxd1 49. Qd3 Qe1+ 50. Kf3 Qe4+ 51. Qxe4 dxe4+ 52. Kxe4 a3 53. d5 exd5+
54. Kxd5 Bf8 55. Bd4 Bxb4 56. Ke4 Bd2 57. Kd3 Be1 58. Kc2 Bxg3 59. Kb3 Bxf4 60.
Kxa3 Kf8 61. Kb3 Ke7 62. Kc2 Ke6 63. Kd3 Bxe5 64. Bf2 Kf5 65. Ke2 Kg4 0-1

[Event "41st Olympiad Women 2014"]
[Site "Tromso NOR"]
[Date "2014.08.06"]
[Round "5.32"]
[Board "1"]
[White "Shamima, Akter Liza"]
[Black "Ptacnikova, Lenka"]
[Result "0-1"]
[WhiteTitle "WIM"]
[BlackTitle "WGM"]
[WhiteElo "2147"]
[BlackElo "2273"]
[WhiteTeam "Bangladesh"]
[BlackTeam "Iceland"]
[WhiteFideId "10202587"]
[BlackFideId "305650"]
[EventDate "2014.08.02"]

1. d4 Nf6 2. c4 e6 3. Nc3 Bb4 4. Qc2 Nc6 5. Nf3 d5 6. a3 Bxc3+ 7. Qxc3 Ne4 8.
Qc2 e5 9. cxd5 Qxd5 10. e3 Bf5 11. Bd3 Bg6 12. Nh4 Nd6 13. Nxg6 Qxg2 14. Nxh8
Qxh1+ 15. Bf1 Qxh2 16. d5 Ne7 17. Qxc7 Ne4 18. Bb5+ Kf8 19. d6 Qxf2+ 20. Kd1 Nd5
21. Qc4 Qf3+ 22. Ke1 Nxd6 23. Qc5 Rd8 24. Bc4 Ne7 25. Qc7 Nc6 26. Be2 Qh1+ 27.
Bf1 Qh4+ 28. Ke2 Qh5+ 29. Ke1 Kg8 30. Bg2 Qh4+ 31. Ke2 Kxh8 32. Bxc6 bxc6 33. a4
Ne4 0-1

[Event "41st Olympiad Women 2014"]
[Site "Tromso NOR"]
[Date "2014.08.06"]
[Round "5.32"]
[Board "2"]
[White "Thorsteinsdottir, Hallgerdur"]
[Black "Hamid, Rani"]
[Result "1/2-1/2"]
[BlackTitle "WIM"]
[WhiteElo "1982"]
[BlackElo "1995"]
[WhiteTeam "Iceland"]
[BlackTeam "Bangladesh"]
[WhiteFideId "2302454"]
[BlackFideId "10200096"]
[EventDate "2014.08.02"]

1. e4 c5 2. c3 d5 3. exd5 Qxd5 4. d4 Nc6 5. Nf3 Nf6 6. Na3 cxd4 7. Nb5 Qd8 8.
Nbxd4 Nxd4 9. Qxd4 Qxd4 10. Nxd4 a6 11. Bg5 e6 12. Be2 Be7 13. O-O O-O 14. Bf3
h6 15. Bh4 Nd5 16. Bxe7 Nxe7 17. Rfd1 Rb8 18. Rd2 Ng6 19. Be4 Ne5 20. Nf3 Nc4
21. Rd4 b5 22. b3 Nb6 23. g3 Bb7 24. Bxb7 Rxb7 25. Nd2 Nd5 26. c4 Nb4 27. Rd6
Rc7 28. a3 Nc6 29. cxb5 axb5 30. Rc1 Rfc8 31. Kg2 Kf8 32. Rc5 Ke7 33. Rd3 Na7
34. Rxc7+ Rxc7 35. Ne4 f5 36. Nc3 Rc5 37. Ne2 Nc6 38. b4 Rc2 39. Nd4 Nxd4 40.
Rxd4 Rc3 41. g4 g6 42. gxf5 gxf5 43. Rh4 Rxa3 44. Rxh6 Rb3 45. Rh4 e5 46. Rh6
Rxb4 47. h4 Rg4+ 48. Kf3 b4 49. h5 Kf7 50. Rb6 Rc4 51. Kg2 Rg4+ 52. Kf3 Rh4 53.
h6 Rc4 54. Kg2 Rd4 55. h7 Rh4 56. h8=Q Rxh8 57. Rxb4 Ke6 58. Kf3 Rh3+ 59. Ke2
Rc3 60. Ra4 Kd5 61. Rb4 Rc2+ 62. Ke3 f4+ 63. Kf3 Ke6 64. Rb8 Rc4 65. Re8+ Kd6
66. Rd8+ Ke7 67. Rd5 Ke6 68. Rd8 Ra4 69. Re8+ Kd5 70. Rd8+ Kc5 71. Rc8+ Kd4 72.
Rd8+ Kc5 73. Rc8+ Kd6 74. Rd8+ Kc6 75. Re8 Kd6 76. Rd8+ Ke7 77. Rd5 Ke6 78. Rd8
Rb4 79. Re8+ Kf6 80. Rf8+ Ke7 81. Ra8 Rd4 82. Ra6 Rd6 83. Ra7+ Ke6 84. Ra5 Kf5
85. Rb5 Rd3+ 86. Ke2 Ra3 87. Rb8 Ra2+ 88. Ke1 e4 89. Rg8 Ra1+ 90. Ke2 f3+ 91.
Ke3 Re1+ 92. Kd4 Rd1+ 93. Kc3 Rd3+ 94. Kc2 Rd5 95. Re8 Ra5 96. Kd2 Ra2+ 97. Ke1
Re2+ 98. Kf1 Kf4 99. Rf8+ Ke5 100. Rd8 Ra2 101. Ke1 Ra4 102. Rd7 Rd4 103. Ra7
Kd5 104. Ra5+ Kc4 105. Ra4+ Kc5 106. Ra5+ Kb4 107. Ra8 Kc3 108. Ra3+ Kb2 109.
Ra8 Kc2 110. Ra2+ Kc1 111. Ra1+ Kb2 112. Ra8 Rc4 113. Kd2 Rc2+ 114. Ke3 Re2+
115. Kf4 Kc3 116. Re8 Kd3 117. Rd8+ Kc2 118. Rd4 Rxf2 119. Rxe4 Rf1 120. Re3 f2
121. Kf3 1/2-1/2

[Event "41st Olympiad Women 2014"]
[Site "Tromso NOR"]
[Date "2014.08.06"]
[Round "5.32"]
[Board "3"]
[White "Sultana, Zakia"]
[Black "Finnbogadottir, Tinna Kristin"]
[Result "0-1"]
[WhiteTitle "WFM"]
[WhiteElo "1964"]
[BlackElo "1915"]
[WhiteTeam "Bangladesh"]
[BlackTeam "Iceland"]
[WhiteFideId "10201220"]
[BlackFideId "2300214"]
[EventDate "2014.08.02"]

1. d4 d5 2. Nf3 c6 3. Bf4 Qb6 4. Qc1 Bf5 5. e3 Nf6 6. Nbd2 e6 7. Be2 Be7 8. h3
Nbd7 9. O-O O-O 10. c4 c5 11. cxd5 Nxd5 12. Nc4 Nxf4 13. exf4 Qc7 14. dxc5 Bxc5
15. Nce5 Rac8 16. Bd3 Nxe5 17. Nxe5 Qa5 18. Qe1 Qxe1 19. Rfxe1 Bxd3 20. Nxd3 Bb6
21. Rac1 h6 22. Kf1 Rfd8 23. Rxc8 Rxc8 24. Rc1 Rxc1+ 25. Nxc1 Kf8 26. Ke2 Ke7
27. f3 Kd6 28. Kd3 Kd5 29. Ne2 f5 30. Nc3+ Kd6 31. Ne2 g6 32. Kc4 e5 33. fxe5+
Kxe5 34. b4 h5 35. a4 Bf2 36. b5 g5 37. Kd3 Be1 38. Kc4 Bf2 39. Kd3 Kd5 40. Kc3
Kc5 41. Kb3 Be1 42. g4 hxg4 43. hxg4 f4 44. Kc2 Kc4 45. Nc1 Kd4 46. Kd1 Bb4 47.
Ke2 Kc4 48. Nd3 Bd6 49. Kd2 Kb3 50. a5 Kc4 51. b6 a6 52. Nb2+ Kb4 53. Kd3 Kb5
54. Nc4 Bc5 55. Ne5 Kxa5 56. Nf7 Be7 57. Ke4 Kxb6 58. Kf5 a5 59. Ke6 Bb4 60.
Nxg5 a4 61. Nh3 a3 62. Nxf4 a2 63. Nd5+ Kc5 64. Nxb4 Kxb4 65. g5 a1=Q 66. g6 Qg7
67. Kf5 Qf8+ 0-1

[Event "41st Olympiad Women 2014"]
[Site "Tromso NOR"]
[Date "2014.08.06"]
[Round "5.32"]
[Board "4"]
[White "Johannsdottir, Johanna Bjorg"]
[Black "Sultana, Sharmin Shirin"]
[Result "0-1"]
[BlackTitle "WFM"]
[WhiteElo "1862"]
[BlackElo "1984"]
[WhiteTeam "Iceland"]
[BlackTeam "Bangladesh"]
[WhiteFideId "2303108"]
[BlackFideId "10204482"]
[EventDate "2014.08.02"]

1. e4 c5 2. Nf3 Nc6 3. c3 d5 4. exd5 Qxd5 5. d4 e6 6. Na3 Nf6 7. Nb5 Qd8 8. Bf4
Nd5 9. Bg5 f6 10. Bh4 a6 11. Na3 cxd4 12. Nxd4 Nxc3 13. bxc3 Bxa3 14. Qh5+ g6
15. Nxc6 bxc6 16. Qf3 O-O 17. Rd1 Qa5 18. Be2 Bb2 19. O-O Qxc3 20. Qxc3 Bxc3 21.
Rc1 Be5 22. Rxc6 Rd8 23. Rfc1 a5 24. Bf3 Rb8 25. R6c5 g5 26. Bg3 Bxg3 27. hxg3
a4 28. Ra5 Bd7 29. Rc7 Rbc8 30. Raa7 Rxc7 31. Rxc7 Be8 32. Be4 f5 33. Bc2 Rd4
34. f3 h5 35. Kf1 Bb5+ 36. Ke1 g4 37. Rb7 Bc6 38. Rc7 Bd5 39. Ra7 Bc6 40. Ra6
Rc4 41. Bd3 Rc5 42. Ke2 Kf7 43. Ke3 Kf6 44. Kd4 Rd5+ 45. Ke3 Rxd3+ 0-1

[Event "41st Olympiad Women 2014"]
[Site "Tromso NOR"]
[Date "2014.08.06"]
[Round "5.33"]
[Board "1"]
[White "Baklanova, Tatiana"]
[Black "De Blecourt, Sandra"]
[Result "1-0"]
[WhiteTitle "WIM"]
[BlackTitle "WFM"]
[WhiteElo "2229"]
[BlackElo "2122"]
[WhiteTeam "ICCD"]
[BlackTeam "Denmark"]
[WhiteFideId "14100754"]
[BlackFideId "1004948"]
[EventDate "2014.08.02"]

1. c4 c6 2. Nc3 d5 3. d4 Nf6 4. Nf3 dxc4 5. a4 Bf5 6. Nh4 e6 7. Nxf5 exf5 8. e3
Bb4 9. Bxc4 O-O 10. O-O Nbd7 11. Qc2 g6 12. f3 Rc8 13. Na2 Bd6 14. b4 b5 15. Bd3
a5 16. axb5 cxb5 17. Qd2 Nd5 18. bxa5 b4 19. e4 Bf4 20. Qe2 Bxc1 21. Nxc1 Nf4
22. Qd2 Nxd3 23. Qxd3 Rc3 24. Qb5 Qe7 25. a6 fxe4 26. a7 exf3 27. a8=Q Rxa8 28.
Rxa8+ Kg7 29. Nd3 Qe2 30. gxf3 Nf6 31. Qxb4 Nd5 32. Qf8+ Kf6 33. Qh8+ Kf5 34.
Qe5+ Qxe5 35. Nxe5 f6 36. Ra5 Ne3 37. Ng4+ Kf4 38. Nxe3 1-0

[Event "41st Olympiad Women 2014"]
[Site "Tromso NOR"]
[Date "2014.08.06"]
[Round "5.33"]
[Board "2"]
[White "Guindy, Esmat"]
[Black "Mucha, Annegret"]
[Result "0-1"]
[WhiteTitle "WFM"]
[BlackTitle "WCM"]
[WhiteElo "2074"]
[BlackElo "2008"]
[WhiteTeam "Denmark"]
[BlackTeam "ICCD"]
[WhiteFideId "1401637"]
[BlackFideId "24622788"]
[EventDate "2014.08.02"]

1. d4 Nf6 2. c4 e6 3. g3 c5 4. d5 exd5 5. cxd5 d6 6. Nc3 g6 7. Bg2 Bg7 8. Nf3
O-O 9. O-O Re8 10. Nd2 a6 11. a4 Nbd7 12. h3 Nh5 13. e4 Rb8 14. Nc4 Nb6 15. Na3
Nd7 16. Re1 Bd4 17. Be3 Bxe3 18. Rxe3 Ng7 19. Qe2 f6 20. f4 Qc7 21. Nc2 Nf8 22.
Rd1 Bd7 23. Na3 g5 24. Rf1 Ng6 25. Rf2 Rf8 26. Bf1 Rbe8 27. Qd3 Kh8 28. Nc2 gxf4
29. gxf4 f5 30. Qd2 fxe4 31. Rxe4 Rxe4 32. Nxe4 Bxa4 33. Ng5 Qe7 34. Bd3 Bd7 35.
Ne3 Nxf4 36. Ng2 Qxg5 37. Rxf4 Rxf4 38. Qxf4 Qxf4 39. Nxf4 b5 40. Kf2 Nf5 41.
Nh5 Ne7 42. Nf4 c4 43. Bf1 Bf5 44. Ke3 Kg7 45. Kd4 Kf6 46. h4 Bg4 47. Ke4 Nf5
48. Bh3 Bxh3 49. Nxh3 Nxh4 50. Nf4 Ng6 51. Ne6 h5 52. Nc7 h4 53. Nxa6 h3 54. Kf3
Ke5 55. Nb4 Nf4 56. Kg3 Nd3 0-1

[Event "41st Olympiad Women 2014"]
[Site "Tromso NOR"]
[Date "2014.08.06"]
[Round "5.33"]
[Board "3"]
[White "Myronenko, Natalya"]
[Black "Frank-Nielsen, Marie"]
[Result "1/2-1/2"]
[BlackTitle "WFM"]
[WhiteElo "1942"]
[BlackElo "1969"]
[WhiteTeam "ICCD"]
[BlackTeam "Denmark"]
[WhiteFideId "14124530"]
[BlackFideId "1409344"]
[EventDate "2014.08.02"]

1. e4 c5 2. Nf3 a6 3. d4 cxd4 4. Nxd4 e5 5. Nb3 Nf6 6. Bd3 Nc6 7. a3 d5 8. exd5
Nxd5 9. O-O Be6 10. Qf3 Be7 11. Nc3 Nxc3 12. bxc3 Qc7 13. Be3 Rd8 14. Nc5 Bxc5
15. Bxc5 Ne7 16. Bxe7 Qxe7 17. Be4 Rb8 18. Rfb1 b5 19. a4 O-O 20. axb5 axb5 21.
Qd3 f5 22. Bd5 e4 23. Qd4 Bxd5 24. Qxd5+ Qf7 25. Rxb5 Qxd5 26. Rxd5 Rb2 27. Rc1
Rc8 28. Rxf5 Rxc3 29. g3 Rcxc2 30. Rxc2 Rxc2 31. Rf4 Rc4 32. Kf1 g5 33. Rg4 h6
34. h4 Rc5 35. Rxe4 Kg7 36. hxg5 hxg5 37. Re6 Rc2 38. Rd6 Kf7 39. Kg2 Rb2 40.
Kf3 Rc2 41. Ke3 Rb2 42. Rc6 Ra2 43. Kf3 Rb2 44. Rd6 Rc2 45. Ke3 Rb2 46. Rd2 Rb4
47. f3 Ke6 48. Rd3 Ke5 49. Ra3 Rb5 50. Rc3 Ra5 51. Rb3 Rc5 52. Kd3 Ra5 53. Kc4
Ra4+ 54. Kc5 Ra5+ 55. Kb4 Rd5 56. Kc4 Rd4+ 57. Kc3 Rd5 58. Ra3 Rc5+ 59. Kd2 Rd5+
60. Ke2 Rb5 1/2-1/2

[Event "41st Olympiad Women 2014"]
[Site "Tromso NOR"]
[Date "2014.08.06"]
[Round "5.33"]
[Board "4"]
[White "Stolberg-Rohr, Thomine"]
[Black "Gerasimova, Olga"]
[Result "1-0"]
[WhiteTitle "WFM"]
[BlackTitle "WIM"]
[WhiteElo "1960"]
[BlackElo "2045"]
[WhiteTeam "Denmark"]
[BlackTeam "ICCD"]
[WhiteFideId "1504258"]
[BlackFideId "24109622"]
[EventDate "2014.08.02"]

1. c4 Nf6 2. Nc3 d5 3. cxd5 Nxd5 4. g3 g6 5. Bg2 Nb6 6. d3 Bg7 7. Be3 c6 8. Qd2
Na6 9. Nf3 Be6 10. O-O Nd5 11. Bh6 O-O 12. Bxg7 Kxg7 13. Ng5 Qd7 14. Nxe6+ Qxe6
15. a3 Nac7 16. Ne4 Rad8 17. b4 h6 18. a4 Kh7 19. Rfc1 f5 20. Nc5 Qc8 21. b5 b6
22. Nb3 c5 23. Qb2 Qe6 24. d4 Qf6 25. e3 Ne6 26. Qe2 cxd4 27. Nxd4 Nc5 28. Ra2
Qf7 29. Nc6 Rd7 30. Ne5 Qe6 31. Nxd7 Nxd7 32. Rc6 Qe5 33. Bxd5 Nb8 34. Rd2 Nxc6
35. Bxc6 Qa1+ 36. Qd1 1-0

[Event "41st Olympiad Women 2014"]
[Site "Tromso NOR"]
[Date "2014.08.06"]
[Round "5.34"]
[Board "1"]
[White "Skytte, Torill"]
[Black "Yuan, Yuanling"]
[Result "0-1"]
[BlackTitle "WIM"]
[WhiteElo "1991"]
[BlackElo "2241"]
[WhiteTeam "Norway 3"]
[BlackTeam "Canada"]
[WhiteFideId "1503260"]
[BlackFideId "8604541"]
[EventDate "2014.08.02"]

1. d4 f5 2. Bf4 Nf6 3. e3 g6 4. Be2 Bg7 5. h4 d6 6. Nf3 Be6 7. c4 c6 8. Nc3 Nbd7
9. Ng5 Bg8 10. Rb1 e5 11. Bg3 Qe7 12. b4 f4 13. exf4 exd4 14. Qxd4 Nd5 15. Nxd5
cxd5 16. Qd2 dxc4 17. O-O O-O-O 18. Rfe1 Qf8 19. Bg4 Kb8 20. Ne6 Bxe6 21. Bxe6
Nb6 22. Qc2 Qf6 23. f5 Rhe8 24. Red1 Rxe6 25. fxe6 Qxe6 26. a4 c3 27. Rd3 Nc4
28. Rb3 Nd2 29. Rbxc3 Qe1+ 30. Kh2 Nf1+ 31. Kh3 Qe6# 0-1

[Event "41st Olympiad Women 2014"]
[Site "Tromso NOR"]
[Date "2014.08.06"]
[Round "5.34"]
[Board "2"]
[White "Khoudgarian, Natalia"]
[Black "Kyrkjebo, Hanna B."]
[Result "1-0"]
[WhiteTitle "WIM"]
[WhiteElo "2136"]
[BlackElo "1756"]
[WhiteTeam "Canada"]
[BlackTeam "Norway 3"]
[WhiteFideId "2602121"]
[BlackFideId "1511599"]
[EventDate "2014.08.02"]

1. e4 e5 2. Nf3 Nc6 3. Nc3 g6 4. d4 exd4 5. Nxd4 Bg7 6. Be3 Nf6 7. f3 O-O 8. Qd2
Re8 9. O-O-O d5 10. Bb5 Bd7 11. exd5 Nxd4 12. Bxd4 Bxb5 13. Nxb5 Qxd5 14. Nc3
Qa5 15. Rhe1 Rad8 16. Rxe8+ Rxe8 17. Kb1 c6 18. g4 Nd5 19. Bxg7 Kxg7 20. Qd4+ f6
21. g5 Qd8 22. Ne4 Qc7 23. gxf6+ Kf8 24. Qc5+ Kg8 25. Rxd5 Qf7 26. Rd6 Re6 27.
Rd8+ Re8 28. Qe7 Rxd8 29. Qxd8+ Qf8 30. Qxf8+ Kxf8 31. Nd6 1-0

[Event "41st Olympiad Women 2014"]
[Site "Tromso NOR"]
[Date "2014.08.06"]
[Round "5.34"]
[Board "3"]
[White "Kyrkjebo, Marte B."]
[Black "Botez, Alexandra"]
[Result "0-1"]
[BlackTitle "WFM"]
[WhiteElo "1732"]
[BlackElo "2089"]
[WhiteTeam "Norway 3"]
[BlackTeam "Canada"]
[WhiteFideId "1511602"]
[BlackFideId "2603365"]
[EventDate "2014.08.02"]

1. e4 e6 2. d3 d5 3. Nd2 c5 4. Ngf3 Nc6 5. g3 Bd6 6. Bg2 Nge7 7. O-O O-O 8. Re1
Qc7 9. Qe2 f6 10. Nf1 d4 11. h4 e5 12. N1h2 Be6 13. h5 b5 14. Nh4 Rac8 15. Rf1
c4 16. a3 Na5 17. Bd2 cxd3 18. cxd3 Nb3 19. Rae1 Qc2 20. Bb4 Bxb4 21. axb4 Qxe2
22. Rxe2 Nc6 23. Nf5 Nxb4 24. Ne7+ Kh8 25. Nxc8 Rxc8 26. Rd1 Nc1 27. Red2 Bb3
28. Rf1 Nbxd3 29. f4 Bc4 30. Rfd1 Bb3 31. Rxd3 Ne2+ 32. Kf2 Bxd1 33. Rxd1 Rc2
34. Kf3 d3 35. Rxd3 Nd4+ 36. Rxd4 exd4 37. Nf1 Rxb2 38. Bh3 a5 39. e5 fxe5 40.
fxe5 Kg8 41. e6 Kf8 42. Ke4 Rb4 43. Nd2 a4 44. Kd5 Ke7 45. Kc5 Rb2 46. Ne4 d3
47. Bg4 d2 48. Nf2 a3 49. Nd1 Rc2+ 50. Kxb5 a2 51. Bf5 Rc1 0-1

[Event "41st Olympiad Women 2014"]
[Site "Tromso NOR"]
[Date "2014.08.06"]
[Round "5.34"]
[Board "4"]
[White "Zhou, Qiyu"]
[Black "Jacobsen, Elise Sjottem"]
[Result "1-0"]
[WhiteTitle "WCM"]
[WhiteElo "2109"]
[BlackElo "1697"]
[WhiteTeam "Canada"]
[BlackTeam "Norway 3"]
[WhiteFideId "505161"]
[BlackFideId "1516493"]
[EventDate "2014.08.02"]

1. e4 c5 2. Nf3 d6 3. d4 cxd4 4. Nxd4 Nf6 5. Nc3 g6 6. Be3 Bg7 7. f3 O-O 8. Qd2
Nc6 9. O-O-O d5 10. Qe1 e6 11. h4 h5 12. Be2 Ne7 13. e5 Nd7 14. f4 a6 15. g4 Bh6
16. gxh5 Nxe5 17. Qg3 N5c6 18. hxg6 fxg6 19. Nxc6 bxc6 20. h5 d4 21. hxg6 Nf5
22. Qh3 Qf6 23. Bxd4 Nxd4 24. Qxh6 Qxf4+ 25. Qxf4 Rxf4 26. Rh7 e5 27. Bc4+ Be6
28. Bxe6+ Nxe6 29. Re7 Nf8 30. Rd6 Rg4 31. Rxe5 Nxg6 32. Ree6 Nf4 33. Re1 Rc8
34. Ne4 Kg7 35. Nc5 a5 36. Re7+ Kg8 37. Ra7 Rg1+ 38. Kd2 Rg2+ 39. Kc3 Ne2+ 40.
Kc4 Nc1 41. Kd4 Rd2+ 42. Ke5 Re8+ 43. Ne6 Rxc2 44. Kf6 Rf2+ 45. Kg6 Rxb2 46.
Rg7+ Kh8 47. Ng5 Rg2 48. Rdd7 Rxg5+ 49. Kxg5 Re2 50. Rh7+ Kg8 51. Rdg7+ Kf8 52.
Ra7 Kg8 53. Rhc7 Rg2+ 54. Kh4 Rf2 55. Kg3 Rf6 56. Rxa5 Nd3 57. Kg4 c5 58. Raa7
Rf1 59. Ra8+ Rf8 60. Rxf8+ Kxf8 61. Kf5 Nb4 62. a4 Ke8 63. Rxc5 Kd7 64. Ke4 Kd6
65. Rh5 Kc6 66. Kd4 Na6 67. Rh6+ Kb7 68. Kc4 Nc7 69. a5 Na6 70. Rb6+ Ka7 71. Kb5
Nc7+ 72. Kc6 Na6 73. Rb7+ Ka8 74. Rh7 Nb8+ 75. Kb6 1-0